000
00238nam a2200109Ia 4500
008
190216s9999||||xx |||||||||||||| ||und||
100
_a
Rugby Jokes
245
0
_a
Even More
260
_b
Sphere Books Ltd
650
_a
English
942
_c
BK
999
_c
13364
_d
13364